000 00782cab a2200205 4500
001 WB2903-55
008 090401t1993 xxu||||| |||| 00| 0 eng d
035 _a(Sirsi) u31998
041 _aeng
245 _aNo exemplary damages
260 _c1993
350 _a0
490 _aTimes
_v21 January 1993, 34(1)
520 _aIn "Daley and another v Ramdath", ChD 18 January 1993, it was held that in a case of unlawful eviction, payment of exemplary damages could not be ordered against a defendant acting as the landlord`s agent unless it was established that he himself stood to benefit from the eviction.
650 _aEXEMPLARY DAMAGES
650 _aUNLAWFUL EVICTION
690 _aLANDLORD AND TENANT-CASE LAW-RESIDENTIAL TENANCIES
942 _n0
948 _c04/03/1997
999 _c21473
_d21473